Zostavenie a schválenie rozpočtu obce na rok 2025

Príspevok sa venuje zostavovaniu a schvaľovaniu rozpočtu obce na rok 2025. Upozorňuje na vplyv nových rozpočtových pravidiel na zostavenie návrhu rozpočtu a odpovedá na časté otázky z uplatnenia rozpočtových pravidiel pri zostavovaní rozpočtu.

Saved in:
Bibliographic Details
Main Author: Konečná Veverková, Ingrid
Format: Book Chapter
Language:Slovak
Subjects:
Tags: Add Tag
No Tags, Be the first to tag this record!

MARC

LEADER 00000naa a2200000 4500
001 0305375
005 20241129105235.2
041 0 |a slo 
044 |a SK 
245 1 0 |a Zostavenie a schválenie rozpočtu obce na rok 2025  |c Ingrid Konečná Veverková 
520 |a Príspevok sa venuje zostavovaniu a schvaľovaniu rozpočtu obce na rok 2025. Upozorňuje na vplyv nových rozpočtových pravidiel na zostavenie návrhu rozpočtu a odpovedá na časté otázky z uplatnenia rozpočtových pravidiel pri zostavovaní rozpočtu. 
610 2 0 |a rozpočty 
610 2 0 |a obce 
610 2 0 |a pravidlá rozpočtové 
610 2 0 |a zákony 
610 2 0 |a hospodárenie finančné 
100 1 |a Konečná Veverková, Ingrid